La jubilacin̤ de los empleados pb︢licos

Detalles Bibliográficos
Autor principal: Lp̤ez Ganda̕, Juan
Formato: Libro
Lenguaje:español
Publicado: Albacete : Bomarzo, 2007
Materias:
Acceso en línea:Acceso restringido

MARC

LEADER 00000nam a2200000 a 4500
005 20120420143830.0
007 cr|||| ||||
008 070601s2007 sp |||||| |001 ||spa|c
020 |a 9788496721128 
035 |a 5823 
040 |d vLex  
090 |c 3127  |d 3127 
100 1 |a Lp̤ez Ganda̕, Juan 
245 1 3 |a La jubilacin̤ de los empleados pb︢licos   |h [Recurso electrn̤ico] /  |c Juan Lp̤ez Ganda̕ 
256 |a Servicio en ln̕ea 
260 |a Albacete :  |b Bomarzo,  |c 2007 
300 |a 1 recurso electrn̤ico 
504 |a Bibliografa̕ e n̕dice 
506 1 |a Contenido solo disponible en los productos indicados  |d vLex Global   |d vLex Global (Academic Edition, excluding Law Schools)   |d vLex Global (U.S. Academic Edition, Law Schools)   |d vLex Global (U.S. Academic Edition, excluding Law Schools)   |d vLex Global (Academic Edition, Law Schools)  
510 3 |a Referencias bibliogrf̀icas 
650 0 4 |a Funcionarios  |x Jubilacin̤ 
650 0 4 |a Espaą  |x Funcionarios y empleados  |x Pensiones 
651 4 |a Espaą  |x Funcionarios y empleados  |x Jubilacin̤ 
740 0 |a vLex Libros (Servicio en ln̕ea) 
856 4 0 |u http://vlex.com/source/jubilacion-empleados-publicos-5823  |z Acceso restringido 
942 |c BOOK 
999 0 |a Public officers